Most Common Names For Pets: Cats - Boy - Statistics

General Stats
  • This quiz has been taken 360 times
  • The average score is 16 of 100
Answer Stats
FL Boy Cat % Correct
O Oliver
63%
J Jack
59%
O Oscar
58%
M Max
53%
T Tiger
52%
C Charlie
49%
G George
46%
S Simba
40%
T Toby
40%
F Felix
35%
G Garfield
35%
J Jake
35%
T Tigger
35%
B Buddy
34%
J Jax
33%
M Milo
33%
S Simon
32%
B Boo
29%
J Jasper
29%
O Oreo
28%
S Shadow
27%
R Rocky
26%
B Blackie
24%
D Duke
24%
B Bailey
23%
H Hunter
23%
S Socks
23%
L Loki
22%
H Harley
21%
S Sylvester
21%
B Boots
20%
S Sebastian
20%
S Smokey
20%
T Tucker
20%
G Gizmo
18%
L Lucky
18%
R Rusty
18%
C Chester
17%
S Salem
17%
M Marley
16%
T Thor
16%
D Dexter
15%
D Dusty
15%
O Ozzy
14%
R Romeo
14%
Z Ziggy
14%
L Lincoln
13%
P Parker
13%
B Bandit
12%
S Samson
12%
I Izzy
11%
M Murphy
11%
T Tyson
11%
P Peanut
10%
S Snickers
10%
R Ryder
9%
T Tank
9%
A Axel
8%
S Spike
8%
T Tito
8%
M Moose
7%
P Panda
7%
P Porter
7%
G Gunner
6%
H Humphrey
6%
N Noodle
6%
S Scooter
6%
A Archer
5%
B Brutus
5%
D Diesel
5%
E Echo
5%
G Gonzo
5%
H Hamlet
5%
H Hendrix
5%
H Hercules
5%
N Neo
5%
R Rambo
5%
R Riggs
5%
B Bernard
4%
B Bones
4%
B Brick
4%
B Bronson
4%
J Jesse james
4%
M Mr jinx
4%
T T-bone
4%
W Wrigley
4%
B Bolt
3%
B Bugsy
3%
C Chevy
3%
C Crash
3%
D Dozer
3%
H Hyde
3%
M Maddox
3%
R Remington
3%
T Trooper
3%
B Bane
2%
C Chopper
2%
D Dagger
2%
H Hawkeye
2%
S Shepherd
2%
No matching quizzes found
Score Distribution
Percent of People with Each Score
Percentile by Number Answered
Your Score History
You have not taken this quiz